Non conventional Energy source & utilization (Record no. 5108)

MARC details
000 -LEADER
fixed length control field 00441nam a22001697a 4500
005 - DATE AND TIME OF LATEST TRANSACTION
control field 20160701152027.0
008 - FIXED-LENGTH DATA ELEMENTS--GENERAL INFORMATION
fixed length control field 160701b xxu||||| |||| 00| 0 eng d
020 ## - INTERNATIONAL STANDARD BOOK NUMBER
ISBN 978-81-219-397-3
041 ## - LANGUAGE CODE
Language code of text/sound track or separate title eng
082 ## - DEWEY DECIMAL CLASSIFICATION NUMBER
Item number 20642
100 ## - MAIN ENTRY--AUTHOR NAME
Personal name Rajput, R K
245 ## - TITLE STATEMENT
Title Non conventional Energy source & utilization
260 ## - PUBLICATION, DISTRIBUTION, ETC. (IMPRINT)
Place of publication New Delhi
Name of publisher Sultan Chand & Sons,
Year of publication 2014
300 ## - PHYSICAL DESCRIPTION
Number of Pages 428
650 ## - SUBJECT ADDED ENTRY--TOPICAL TERM
Topical Term Diploma Engineering
942 ## - ADDED ENTRY ELEMENTS (KOHA)
Koha item type Books
Holdings
Lost status Damaged status Collection code Home library Current library Shelving location Date acquired Cost, normal purchase price Full call number Accession Number Koha item type Source of acquisition
    MANAGEMENT JRU Library JRU Library SHELF-74-N 01/07/2016 370.00 20642 20642 Books  
    MANAGEMENT JRU Library JRU Library SHELF-74-N 01/07/2016 370.00 20642 20643 Books  
    MANAGEMENT JRU Library JRU Library SHELF-50-E 01/07/2016 370.00 20642 20644 Books  
    MANAGEMENT JRU Library JRU Library SHELF-50-E 01/07/2016 370.00 20642 20645 Books PURCHASE